000 00584nam a2200181Ia 4500
008 090124s9999 xx 000 0 und d
082 _b102271
100 _aचोरघडे वामन
245 _a पाथेय (लघुकथा - संग्रह)
250 _a1
260 _c1946
300 _a154+2
600 _aचोरघडे वामन
630 _a पाथेय (लघुकथा - संग्रह)
700 _aचोरघडे वामन
730 _a पाथेय (लघुकथा - संग्रह)
942 _cBOOK
999 _c148363
_d148363